| 000 | 01042nam a22002655a 4500 | ||
|---|---|---|---|
| 005 | 20090525162659.0 | ||
| 008 | 090218s2009 ii 000 0 eng | ||
| 010 | _aENG-93724 | ||
| 020 |
_a9788175347274 _c1095.00 |
||
| 035 | _aEN-77257 | ||
| 037 | _bDBAD / PUB | ||
| 040 |
_adpl _bEnglish |
||
| 082 | _a347.5407 | ||
| 100 | _aMalik, B. | ||
| 245 |
_aThe art of lawyer: _bcross examination, advocacy, courtmanship / _cby B. Malik; foreword by M. Hidayatullah |
||
| 250 | _a10th ed. | ||
| 260 |
_aDelhi _bUniversal Law Publishing _c2009 |
||
| 270 |
_aC-FF-1A, Dilkhush Industrial Estate, (Opp. Hans Cinema, Azadpur) G.T. Karnal Road, _bDelhi _e110033 |
||
| 300 |
_axviii, 1070p. _c25cm(Hb) |
||
| 500 | _aIncludes index | ||
| 650 |
_aTrial practice _zIndia |
||
| 700 | _aHidayatullah, M. | ||
| 942 |
_2ddc _cEN _mMAL _h347.5407 |
||
| 999 |
_c26791 _d26791 |
||